00946nam a22002417a 4500003000500000005001700005008004100022010001000063011001000073035001100083040000900094100002700103245019300130260004000323300002500363502011700388530003600505650002400541650001400565650003500579650002600614856006400640CHAP20220817044326.0100317s2010 mx r 00010 spa d a97778 a98750 a109435 cCHAP1 aCruz Sánchez, Lucas.1 aEnsilados mixtos de caña de azúcar (Saccharum officinarum) y pasto Taiwán (Pennisetum purpureum) en la alimentación de vaquillas en la sierra hidalguensec/por Lucas Cruz Sánchez aChapingo, Méx. :bEl autor,c2010 aix, 44 h. :bcuadros aTesis (Ing. Agr. Esp. en Zootecnia) - UACH. Departamento de Enseñanza, Investigación y Servicio en Zootecnia aTambién disponible en línea04aCaña de azúcar.04aEnsilaje.04aGanado vacunoxAlimentación.04aPennisetum purpureum. 3Finding aiduhttp://10.13.5.2/tesis/109435.pdfzTeclea aqui